000 00328 a2200109 4500
001 ART_12920
005 20260410161909.0
008 260409a
245 1 0 _aLas siete perspectivas del "soulware"
100 1 _aMarchione, Julio César
773 0 _tCostos y gestión
_g- Año 15, Nº 58 (dic. 2005)
_wREV12786
999 _c26676
_d26676